[Event "Guernsey op 41st"]
[Site "Vale"]
[Date "2015.10.22"]
[Round "5"]
[White "Hickman, John"]
[Black "Salimbeni, George PW"]
[Result "1-0"]
[WhiteElo "1924"]
[BlackElo "2142"]
[PlyCount "103"]
[EventDate "2015.10.18"]
[EventType "swiss"]
[EventRounds "7"]
[EventCountry "GCI"]
[SourceTitle "EXT 2017"]
[Source "ChessBase"]
[SourceDate "2016.10.25"]
[SourceVersion "1"]
[SourceVersionDate "2016.10.25"]
[SourceQuality "1"]

1. e4 c6 2. d4 d5 3. Nc3 dxe4 4. Nxe4 Bf5 5. Ng3 Bg6 6. Nf3 Nd7 7. h4 h6 8. h5 Bh7 9. Bd3 Bxd3 10. Qxd3 e6 11. Bd2 Ngf6 12. 0-0-0 Be7 13. Ne4 Qc7 14. g3 Nxe4 15. Qxe4 Nf6 16. Qe2 0-0-0 17. c4 c5 18. Bc3 cxd4 19. Nxd4 Qb6 20. a3 Rd7 21. Nf3 Rhd8 22. Ne5 Rxd1+ 23. Rxd1 Rxd1+ 24. Kxd1 Bxa3 25. Nxf7 Bc5 26. Ke1 Qa6 27. Nxh6 Bb4 28. Bxb4 Qa1+ 29. Qd1 Qxd1+ 30. Kxd1 gxh6 31. Bf8 Nxh5 32. Bxh6 Nf6 33. f3 Kd7 34. Ke2 Kd6 35. Bf8+ Kc6 36. Ke3 Nd7 37. Be7 Ne5 38. b3 Ng6 39. Bb4 b5 40. Kd4 a6 41. f4 Kb6 42. Bc5+ Kc6 43. cxb5+ Kxb5 44. Ba3 a5 45. Ke4 a4 46. bxa4+ Kxa4 47. Bd6 Kb5 48. f5 Nh8 49. fxe6 Kc6 50. Ba3 Kc7 51. Kf5 Kd8 52. Kf6 1-0

[Event "Guernsey op 41st"]
[Site "Vale"]
[Date "2015.10.20"]
[Round "3"]
[White "Hickman, John"]
[Black "Collier, David"]
[Result "1/2-1/2"]
[WhiteElo "1924"]
[BlackElo "2037"]
[PlyCount "29"]
[EventDate "2015.10.18"]
[EventType "swiss"]
[EventRounds "7"]
[EventCountry "GCI"]
[SourceTitle "EXT 2017"]
[Source "ChessBase"]
[SourceDate "2016.10.25"]
[SourceVersion "1"]
[SourceVersionDate "2016.10.25"]
[SourceQuality "1"]

1. e4 c5 2. Nf3 e6 3. d3 Nc6 4. g3 Nge7 5. Bg2 g6 6. 0-0 Bg7 7. Re1 d5 8. e5 0-0 9. Bf4 h6 10. h4 Kh7 11. Nbd2 b5 12. Nf1 a5 13. N1h2 Ra7 14. Ng4 Ng8 15. Qd2 1/2-1/2

[Event "Guernsey op 40th"]
[Site "Vale"]
[Date "2014.10.21"]
[Round "3"]
[White "Hickman, John"]
[Black "Lochte, Thomas"]
[Result "0-1"]
[WhiteElo "1893"]
[BlackElo "2071"]
[PlyCount "78"]
[EventDate "2014.10.19"]
[EventType "swiss"]
[EventRounds "7"]
[EventCountry "GCI"]
[SourceTitle "EXT 2016"]
[Source "ChessBase"]
[SourceDate "2015.10.08"]
[SourceVersion "1"]
[SourceVersionDate "2015.10.08"]
[SourceQuality "1"]

1. Nf3 Nf6 2. g3 c5 3. Bg2 Nc6 4. 0-0 d5 5. d3 e5 6. Nbd2 Bg4 7. h3 Bf5 8. Nh4 Be6 9. e4 d4 10. a4 Qd7 11. Kh2 g5 12. Nf5 h5 13. Nf3 Bxf5 14. exf5 g4 15. Nh4 Be7 16. Qe2 gxh3 17. Bxh3 Ng4+ 18. Bxg4 hxg4 19. Qxg4 0-0-0 20. Qe4 Rdg8 21. Rh1 Bxh4 22. gxh4 Rh5 23. Bd2 Rxf5 24. f3 Rh5 25. Rag1 Rgh8 26. Bg5 f5 27. Qe1 e4 28. dxe4 Re8 29. Qg3 fxe4 30. fxe4 Rxe4 31. Qf3 Qd6+ 32. Kg2 Qg6 33. Kf2 Rh8 34. Qh3+ Kb8 35. Rg4 Rf8+ 36. Kg3 Qd6+ 37. Kg2 Re2+ 38. Kg1 Re1+ 39. Kg2 Qd5+ 0-1

[Event "South Wales op 11th"]
[Site "Cardiff"]
[Date "2014.08.29"]
[Round "8"]
[White "Hickman, John"]
[Black "Choo, Yin Benjamin"]
[Result "1-0"]
[WhiteElo "1977"]
[BlackElo "1457"]
[PlyCount "43"]
[EventDate "2014.08.25"]
[EventType "swiss"]
[EventRounds "9"]
[EventCountry "WLS"]
[SourceTitle "CBM 162 Extra"]
[Source "ChessBase"]
[SourceDate "2014.10.17"]
[SourceVersion "1"]
[SourceVersionDate "2014.10.17"]
[SourceQuality "1"]

1. Nf3 d5 2. g3 Nf6 3. Bg2 g6 4. 0-0 Bg7 5. d3 0-0 6. Nbd2 c5 7. e4 Nc6 8. Re1 e6 9. Qe2 b6 10. Nf1 Bb7 11. e5 Nd7 12. Bf4 Qc7 13. h4 h5 14. N1h2 Ne7 15. g4 d4 16. gxh5 gxh5 17. Ng5 Bxg2 18. Qxh5 Rfe8 19. Qxf7+ Kh8 20. Qh5+ Kg8 21. Qh7+ Kf8 22. Nxe6+ 1-0